Producción de intermedios químicos a partir de recursos renovables en Nicaragua
| Format: | Section = Libro |
|---|---|
| Language: | Undetermined Spanish |
| Published: |
Guatemala
ICAITI
1977
|
| Subjects: |
| LEADER | 00478nam a2200169Ia 4500 | ||
|---|---|---|---|
| 008 | 240830s9999 xx 000 0 und d | ||
| 040 | |a CEDOC FIQ-RUSB / 661 P962 | ||
| 041 | |a spa | ||
| 082 | |a 661 P962 | ||
| 245 | 1 | 0 | |a Producción de intermedios químicos a partir de recursos renovables en Nicaragua |
| 260 | |a Guatemala |b ICAITI |c 1977 | ||
| 300 | |a 124 p. :il | ||
| 650 | 7 | |a TECNOLOGIA - QUIMICA | |
| 650 | 7 | |b PRODUCTOS - ORGANICOS | |
| 942 | |c BK |2 ddc | ||
| 991 | |a TEXTO | ||
| 999 | |c 14121 | ||